| 000 | 00916nam a22002417a 4500 | ||
|---|---|---|---|
| 999 |
_c63446 _d63446 |
||
| 005 | 20240530110641.0 | ||
| 008 | 171016s2016 ua g b 00| 0 ara d | ||
| 017 |
_a2015/9011 _bمصر. دار الكتب |
||
| 020 | _a9789777531580 | ||
| 040 |
_aEG-CaGPL _cEG-CaGPL |
||
| 082 | 0 | 4 |
_221 _a327.17 / _bا ح |
| 100 | 0 | _aالنوى بن الشيخ | |
| 245 | 1 | 0 |
_aحق الفيتو ومدى تاثيرة على تسوية النزاعات الدولية / _cالنوى بن الشيخ |
| 250 | _aط.1 | ||
| 260 |
_aالاسكندرية : _bمكتبة الوفاء القانونية ، _c2016. |
||
| 300 |
_a483 ص. ؛ _c24 سم + _eملاحق. |
||
| 504 | _aيشتمل على ارجاعات ببليوجرافية | ||
| 650 | 0 | 7 |
_2qrmak _aحق الاعتراض |
| 650 | 0 | 7 |
_2qrmak _aالقانون الدستورى |
| 650 | 0 | 7 |
_2qrmak _aالاحوال السياسية |
| 653 | 0 | _aالفيتو | |
| 942 |
_2ddc _cBK |
||